Score 0/19 Timer 03:00
0 Plays Today
Clue Word % Correct
H2OWATER
99.6%
Restaurant employeeWAITER
98.7%
Feeling unwellSICK
81.7%
What Jesus (and you) turned the [first rung] intoWINE
78.4%
A portion of stock in a companySHARE
77%
Relatives of rabbitsHARES
76.1%
A high-pitched complaintWHINE
75.6%
The B52's 'Love ___'SHACK
73.2%
Fire an employeeSACK
71.5%
Ponder or meditateTHINK
71.2%
Clue Word % Correct
'To ___ own self be true' - PoloniusTHINE
70.7%
A collection of a sultan's wivesHAREM
64.4%
Mako or sand, e.g.SHARK
62.1%
Neighborhood in ManhattanHARLEM
61.8%
Member of Bob Marley's bandWAILER
55.9%
Obtuse, numerous, or having great depthTHICK
51.5%
Superhero with sidekick ArthurTICK
43.1%
Author Norman who wrote 'The Executioner's Song'MAILER
41.4%
Bohemian-Austrian composer-conductor GustavMAHLER
31.1%

Today's Daily Dose

Remove Ads.
Support Sporcle.
Get the best of Sporcle when you Go Orange. This ad-free experience offers more features, more stats, and more fun while also helping to support Sporcle. Thank you for becoming a member.

You're not logged in!

Compare scores with friends on all Sporcle quizzes.
OR
Log In

Show Comments

Extras

Top Quizzes Today


Score Distribution

Your Account Isn't Verified!

In order to create a playlist on Sporcle, you need to verify the email address you used during registration. Go to your Sporcle Settings to finish the process.

Report this User

Report this user for behavior that violates our Community Guidelines.

Details: